Statistiques concernant Les plus grandes agglomérations de Turquie

Cliquez ici pour prendre le quiz!

Statistiques générales

  • Ce quiz a été pris 145 fois
  • Le résultat moyen est 10 sur 20

Statistiques - réponses

PlaceHabitantsNom% Correct
2.5 639 076Agglomération de Ankara
99%
1.15 519 267Agglomération de Istanbul
99%
3.4 367 251Agglomération de İzmir
95%
5.2 511 700Agglomération de Antalya
88%
4.3 056 120Agglomération de Bursa
70%
7.2 232 374Agglomération de Konya
66%
6.2 237 940Agglomération de Adana
62%
9.2 069 364Agglomération de Gaziantep
61%
11.1 840 425Agglomération de Mersin
56%
15.1 407 409Agglomération de Kayseri
47%
12.1 756 323Agglomération de Diyarbakır
46%
16.1 348 542Agglomération de Samsun
42%
19.1 136 757Agglomération de Van
39%
13.1 628 894Agglomération de Hatay
34%
8.2 073 614Agglomération de Şanlıurfa
34%
18.1 154 102Agglomération de Kahramanmaraş
24%
14.1 440 611Agglomération de Manisa
22%
20.1 110 972Agglomération de Aydın
21%
17.1 228 620Agglomération de Balıkesir
20%
10.1 953 035Agglomération de Kocaeli
18%

Distribution des résultats

Percentile par nombre de réponses

% des personnes avec chaque résultat

Votre développement - résultats

Vous n’avez pas pris ce quiz